000 01090nam a2200277 i 4500
001 88408
003 ES-MaACL
005 20250815034246.0
007 t|
008 050104s1986 sp |||| | gao d
020 _a84-7492-287-9
100 1 _aLandeira Yrago, José.
_969941
245 1 0 _aViaje al sueño del agua
_b: el misterio de los poemas gallegos de García Lorca /
_cJosé Landeira Yrago.
260 _aSada, A Coruña :
_bEdiciós do Castro,
_c[1986]
300 _a90 p. :
_bil. ;
_c21 cm.
490 1 _aDocumentos para a historia contemporánea de Galicia ;
_v18
501 _aCon: Seis poemas galegos / de Federico García Lorca ; prólogo de E.B.A. - Reprod. facs. de la ed. de : Santiago de Compostela : Nos, 1935.
655 7 _2tgfbne
_9226495
_aFacsímiles
700 1 _aGarcía Lorca, Federico,
_d1898-1936
_954853
700 1 _aBlanco-Amor, Eduardo.
_929220
740 0 2 _aSeis poemas galegos.
830 0 0 _aDocumentos para a historia contemporánea de Galicia
_v18
_9179273
852 _aES-MaACL
_jL-10837
942 _2udc
999 _c88408
_d88408